Dunia dangdut [ super karaoke hits
| Format: | Book |
|---|---|
| Published: |
Kuala Lumpur :
BMG Music (M) Sdn.Bhd ,
1998
|
| Subjects: |
MARC
| LEADER | 00000cam a2200000 7i4500 | ||
|---|---|---|---|
| 001 | 0000041723 | ||
| 005 | 20140707.0 | ||
| 090 | 0 | 0 | |a MUZ |b DUN |
| 245 | 0 | 0 | |a Dunia dangdut [ |h video compact disc] : |b super karaoke hits |
| 260 | |a Kuala Lumpur : |b BMG Music (M) Sdn.Bhd , |c 1998 | ||
| 300 | |a 1 Video compact disc (85 minutes) | ||
| 500 | |a Library has 1 copy | ||
| 650 | 0 | 0 | |a Songs, Malay |
| 999 | |a AV 01274 |b CD MUSIC |c PINJAMAN |e PERPUSTAKAAN KOMUNITI PETALING JAYA | ||